[Event "Patron CC-ch"]
[Site "Greece"]
[Date "2008.01.06"]
[Round "6"]
[White "Tsokanas, Athanasios"]
[Black "Georgopoulos, Dimitrios"]
[Result "1-0"]
[WhiteElo "1125"]
[BlackElo "1005"]
[PlyCount "63"]
[EventDate "2008.01.02"]
[EventType "swiss"]
[EventRounds "7"]
[EventCountry "GRE"]
[SourceTitle "EXT 2010"]
[Source "ChessBase"]
[SourceDate "2010.11.25"]
[SourceVersion "1"]
[SourceVersionDate "2010.11.25"]
[SourceQuality "1"]

1. e4 c5 2. d3 d6 3. c3 Nc6 4. d4 Nf6 5. f3 e5 6. Bb5 Bd7 7. Bxc6 Bxc6 8. Bg5 h6 9. dxe5 hxg5 10. exf6 Qxf6 11. Ne2 g4 12. 0-0 Qh6 13. Kf2 gxf3 14. gxf3 Qh4+ 15. Ke3 0-0-0 16. c4 g6 17. Nbc3 Bh6+ 18. Kd3 Qxh2 19. a4 f5 20. Kc2 Be3 21. Kb1 Rde8 22. Qd3 Bd4 23. exf5 Re3 24. Qd1 Bxf3 25. fxg6 Bxe2 26. Nxe2 Rd3 27. Qxd3 Rh3 28. Qf5+ Kc7 29. Qf7+ Kc6 30. Qe8+ Kc7 31. Rf7+ Kb6 32. Qb5# 1-0

[Event "Patron CC-ch"]
[Site "Greece"]
[Date "2008.01.02"]
[Round "1"]
[White "Stoumbos, Konstantinos"]
[Black "Tsokanas, Athanasios"]
[Result "1-0"]
[WhiteElo "2153"]
[BlackElo "1125"]
[PlyCount "39"]
[EventDate "2008.01.02"]
[EventType "swiss"]
[EventRounds "7"]
[EventCountry "GRE"]
[SourceTitle "EXT 2010"]
[Source "ChessBase"]
[SourceDate "2010.11.25"]
[SourceVersion "1"]
[SourceVersionDate "2010.11.25"]
[SourceQuality "1"]

1. e4 e5 2. Nc3 Nf6 3. f4 d6 4. Nf3 exf4 5. d4 Bg4 6. Bxf4 Bxf3 7. Qxf3 Nc6 8. 0-0-0 Be7 9. e5 Nd7 10. Qg3 g6 11. h4 Nb6 12. Bb5 a6 13. Bxc6+ bxc6 14. Ne4 Nd5 15. Bg5 Bxg5+ 16. hxg5 f5 17. gxf6 Qd7 18. Qxg6+ hxg6 19. Rxh8+ Kf7 20. Ng5# 1-0